000 00964nam a22003137a 4500
003 CHAP
005 20220329140525.0
008 971013s1946 r 00010 d
010 _a53301
011 _a54273
035 _a58424
040 _cCHAP
082 _a532
_bR68e
100 0 0 _aRouse, Hunter.
_9100316
245 _aElementary mechanics of fluids
260 _aNew York :
_bWiley,
_c1946
300 _a376 p.
590 _aBATCH-UPD
_b10
_c20130110
_lUCH01
_h0829
590 _aBATCH-UPD
_b10
_c20130410
_lUCH01
_h0507
590 _aBATCH-UPD
_b10
_c20130914
_lUCH01
_h1806
590 _aCONVERSION
_b10
_c20130109
_lUCH01
_h1329
650 1 4 _aMecánica de fluídos.
_973821
901 _aBK
942 _cLIBRO
949 _a532 R68e
_bBC
_cBPA
_d-126803
_eBPA
_i58424
_si
949 _a532 R68e
_bBC
_cBPA
_d-126804
_eBPA
_fc.2
_i58424
_si
949 _a532 R68e
_bBC
_cBPA
_d-126805
_eBPA
_fc.3
_i58424
_si
949 _a532 R68e
_bBC
_cBPA
_d-126806
_eBPA
_fc.4
_i58424
_si
999 _c53301
_d53301